Thomas the Tank Engine characters - Picture Quiz - Statistics

General Stats
  • This quiz has been taken 772 times
  • The average score is 10 of 12
Answer Stats
Picture Hint Answer % Correct
LB&SCR E2 class Thomas
99%
LNER Gresley A1 Henry
92%
GER class C53 Toby
91%
GNR Class A1 Pacific Gordon
90%
L&YR Class 28 James
89%
GWR 5700 Class Duck
88%
BR Class 08 Diesel
85%
BR Class 04 Mavis
83%
BR Class 35 "Hymek" Bear
82%
AEC Regal T Class London Country Area bus Bertie
79%
BR Class 101 Daisy
77%
BR Class 42 "Warship" Diesel 10
58%
No matching quizzes found
Score Distribution
Percent of People with Each Score
Percentile by Number Answered
Your Score History
You have not taken this quiz